02292nam a22001817a 4500003000400000005001700004008004100021082001500062100002000077245006900097250001400166260005100180300038900231490001600620520137200636650008202008700002002090OSt20260406083833.0260406b |||||||| |||| 00| 0 SPA d 29586771164 aZamora Editores aBiblioteca Práctica de Consulta del Nuevo Milenio: Mitología avolumen 2 aBogotá, ColombiabZamora Editores Ltdac2000 a 24 x 17 cmb400 gramos.c180 páginas.eIlustraciones: Contiene dibujos y láminas a color que facilitan la comprensión de los mitos y deidades. Cuestionarios y Actividades: Al final de las secciones incluye evaluaciones breves para reafirmar los conocimientos adquiridos. Glosario: Un apartado de términos técnicos sobre religiones y filosofía para ampliar el vocabulario. 3Tapa blanda aEste volumen de la Biblioteca Práctica de Consulta del Nuevo Milenio es una guía introductoria diseñada para explicar cómo las antiguas civilizaciones interpretaban el mundo a través de lo sagrado y lo fantástico. El libro se divide principalmente en tres grandes ejes: Mitología Clásica y Universal: Explora a fondo los dioses y héroes de la Grecia y Roma antiguas (Zeus, Atenea, Hércules, etc.), detallando sus mitos de creación y las leyendas que explicaban fenómenos naturales. También hace un recorrido breve por mitologías de otras culturas. Historia de las Religiones: Analiza el surgimiento de las grandes creencias espirituales de la humanidad, desde el animismo primitivo hasta las religiones monoteístas modernas, buscando puntos de encuentro entre ellas. Filosofía y Comunicación: Dedica secciones a explicar cómo el pensamiento humano evolucionó del mito al logos (la razón), y cómo el lenguaje y la comunicación han sido herramientas clave para transmitir estas historias de generación en generación. Enfoque pedagógico: A diferencia de un diccionario enciclopédico seco, este tomo utiliza un lenguaje sencillo y didáctico, ideal para estudiantes. Su objetivo es que el lector comprenda que la mitología no son solo "cuentos viejos", sino la base de la cultura, el arte y la literatura occidental. aMitología comparadaxDiccionarios, Manuales, Instrucción y estudioy 2000 aZamora Editores